| 000 | 00799 a2200205 4500 | ||
|---|---|---|---|
| 999 |
_c6317 _d6317 |
||
| 020 | _a9781330489895 | ||
| 050 | 0 | 0 | _aTX165 COO 1911 |
| 100 | 1 |
_aCooley, Anna M. _d1874- _eauthor |
|
| 245 | 1 | 0 |
_aDomestic art in woman's education : _bfor the use of those studying the method of teaching domestic art ant its place in the school curriculum / _cAnna M. Cooley |
| 264 |
_aNew York ; _bCharles Scribner's Sons _c1911 |
||
| 300 |
_axi, 274 p. _btables (1 fold.) |
||
| 440 | _aClassic reprint series | ||
| 500 | _aIncludes bibliographical references | ||
| 650 | 0 |
_aHome economics _xStudy and teaching. |
|
| 650 | 0 | _aDressmaking. | |
| 650 | 0 | _aSewing. | |
| 856 | 4 | 1 | _uhttp://nrs.harvard.edu/urn-3:GSE.LIBR:159623 |
| 856 | 4 | 1 | _uhttp://hdl.loc.gov/loc.gdc/scd0001.00008616358 |
| 942 |
_2lcc _cBK _h165 _iCOO _kTX |
||